Retrouver le titre du Disney #1 - Statistiques

Statistiques générales
  • Ce quiz a été pris 212 fois
  • Le résultat moyen est 4 sur 10
Statistiques - réponses
Mon titre Le bon titre % Correct
La jolie fille et l'idiot La Belle et la Bête
94%
Ulysse Hercule
71%
Question Raiponce
66%
Imaginationna Fantasia
26%
L'univers de Prosopo Le monde de Nemo
26%
La grenouille et le professeur Le crapaud et le maître d'école
25%
L'astre de richesse La planète au Trésor
23%
Sonnette Clochette
22%
Cajou Coco
11%
Lycaon et Mini Dingo et Max
8%
Aucun quiz correspondant
Distribution des résultats
% des personnes avec chaque résultat
Percentile par nombre de réponses
Votre historique - résultats
Vous n’avez pas pris ce quiz